La integración latinoamericana: visiones regionales y subregionales /
Đã lưu trong:
| Tác giả chính: | |
|---|---|
| Tác giả khác: | |
| Định dạng: | Không biết |
| Được phát hành: |
San José:
Juricentro. OBREAL. FLACSO
|
| Những chủ đề: | |
| Các nhãn: |
Thêm thẻ
Không có thẻ, Là người đầu tiên thẻ bản ghi này!
|
MARC
| LEADER | 00000 a2200000 04500 | ||
|---|---|---|---|
| 001 | 35885 | ||
| 003 | |||
| 008 | 991231s d | ||
| 040 | |||
| 090 | |a 0001 S687i | ||
| 100 | |a Solís, Luis Guillermo | ||
| 245 | |a La integración latinoamericana: visiones regionales y subregionales / |c Luis Guillermo Solís | ||
| 260 | |a San José: |b Juricentro. OBREAL. FLACSO | ||
| 300 | |a 378 p. | ||
| 650 | |a INTEGRACION REGIONAL | ||
| 650 | |a COOPERACION INTERNACIONAL | ||
| 650 | |a POLITICA INTERNACIONAL | ||
| 650 | |a COMERCIO INTERNACIONAL | ||
| 650 | |a ECUADOR | ||
| 650 | |a AMERICA LATINA | ||
| 650 | |a UNION EUROPEA | ||
| 700 | |a | ||
| 700 | |a Rojas Aravena, Francisco | ||
| 700 | |a | ||
| 999 | |c 14766 |d 14766 | ||
